[Event "WCO2014"]
[Site "Tromso"]
[Date "2014.08.12"]
[Round "10.28"]
[WhiteID "6200117"]
[White "Taweesupmun Chanida"]
[BlackID "8700478"]
[Black "Mwango Lorita"]
[Result "1/2-1/2"]
[LiveChessVersion "1.4.3"]
[BlackElo "1874"]
[WhiteElo "1838"]

1. d4 {[%clk 1:30:55]} d5 {[%clk 1:30:50]} 2. c4 {[%clk 1:31:17]} Nf6
{[%clk 1:31:11]} 3. cxd5 {[%clk 1:31:03]} Nxd5 {[%clk 1:31:28]} 4. Nf3
{[%clk 1:31:21]} e6 {[%clk 1:31:15]} 5. e4 {[%clk 1:30:30]} Nb6 {[%clk 1:30:37]}
6. Nc3 {[%clk 1:28:16]} c6 {[%clk 1:30:32]} 7. Bd3 {[%clk 1:25:39]} Be7
{[%clk 1:28:13]} 8. O-O {[%clk 1:25:10]} O-O {[%clk 1:27:50]} 9. Bc2
{[%clk 1:22:20]} c5 {[%clk 1:27:09]} 10. b3 {[%clk 1:15:45]} cxd4
{[%clk 1:26:54]} 11. Nxd4 {[%clk 1:15:50]} Bf6 {[%clk 1:26:32]} 12. Be3
{[%clk 1:15:43]} e5 {[%clk 1:26:03]} 13. Ndb5 {[%clk 1:14:06]} Nc6
{[%clk 1:21:43]} 14. Qxd8 {[%clk 1:12:06]} Bxd8 {[%clk 1:21:53]} 15. Rfd1
{[%clk 1:07:52]} Be6 {[%clk 1:20:59]} 16. Bc5 {[%clk 1:02:10]} Be7
{[%clk 1:20:26]} 17. Bxe7 {[%clk 1:01:52]} Nxe7 {[%clk 1:20:44]} 18. Rac1
{[%clk 0:54:50]} Rac8 {[%clk 1:19:24]} 19. Bd3 {[%clk 0:54:09]} a6
{[%clk 1:19:24]} 20. Nd6 {[%clk 0:52:55]} Rc7 {[%clk 1:19:22]} 21. Ne2
{[%clk 0:52:42]} Rd7 {[%clk 1:16:56]} 22. Nf5 {[%clk 0:49:32]} Nc6
{[%clk 1:15:31]} 23. Bb1 {[%clk 0:48:37]} Rfd8 {[%clk 1:13:26]} 24. Rxd7
{[%clk 0:45:50]} Rxd7 {[%clk 1:13:44]} 25. Ne3 {[%clk 0:45:45]} g6
{[%clk 1:13:42]} 26. Rd1 {[%clk 0:44:30]} Rxd1+ {[%clk 1:12:49]} 27. Nxd1
{[%clk 0:44:56]} Kf8 {[%clk 1:11:33]} 28. f3 {[%clk 0:43:33]} Ke7
{[%clk 1:11:33]} 29. Kf2 {[%clk 0:43:17]} Nc8 {[%clk 1:11:07]} 30. Nb2
{[%clk 0:42:09]} Nd6 {[%clk 1:11:11]} 31. Nc3 {[%clk 0:40:30]} Kd7
{[%clk 1:05:22]} 32. Nd3 {[%clk 0:40:09]} f6 {[%clk 1:03:35]} 33. Na4
{[%clk 0:35:29]} Kc7 {[%clk 1:03:20]} 34. Ke3 {[%clk 0:35:11]} b6
{[%clk 1:03:26]} 35. h4 {[%clk 0:33:10]} Nb5 {[%clk 1:03:14]} 36. Kd2
{[%clk 0:31:39]} Na3 {[%clk 1:02:56]} 37. Nc3 {[%clk 0:29:53]} a5
{[%clk 1:02:45]} 38. Kc1 {[%clk 0:28:53]} Nd4 {[%clk 1:02:09]} 39. Kb2
{[%clk 0:28:57]} Nxb1 {[%clk 1:02:25]} 40. Kxb1 {[%clk 0:28:32]} Kc6
{[%clk 1:02:19]} 41. Kc1 {[%clk 0:24:09]} b5 {[%clk 1:01:07]} 42. Kd2
{[%clk 0:23:24]} h6 {[%clk 0:53:50]} 43. Nc1 {[%clk 0:14:38]} b4 {[%clk 0:51:27]}
44. Na4 {[%clk 0:13:42]} Kb5 {[%clk 0:51:34]} 45. Nb2 {[%clk 0:10:43]} g5
{[%clk 0:51:40]} 46. hxg5 {[%clk 0:10:28]} hxg5 {[%clk 0:51:57]} 47. Kd3
{[%clk 0:09:28]} g4 {[%clk 0:49:26]} 48. f4 {[%clk 0:08:06]} Nc6 {[%clk 0:49:06]}
49. f5 {[%clk 0:05:34]} Bf7 {[%clk 0:49:14]} 50. Ne2 {[%clk 0:05:23]} 1/2-1/2

[Event "WCO2014"]
[Site "Tromso"]
[Date "2014.08.12"]
[Round "10.27"]
[WhiteID "8700591"]
[White "Mbatha Constance"]
[BlackID "6201563"]
[Black "Atthaworadej Worasuda"]
[Result "1/2-1/2"]
[LiveChessVersion "1.4.3"]
[BlackElo "1749"]
[WhiteElo "1677"]

1. d4 {[%clk 1:30:57]} Nf6 {[%clk 1:30:52]} 2. c4 {[%clk 1:31:17]} g6
{[%clk 1:31:13]} 3. Nc3 {[%clk 1:31:26]} d5 {[%clk 1:31:28]} 4. Nf3
{[%clk 1:30:51]} Bg7 {[%clk 1:31:42]} 5. e3 {[%clk 1:31:05]} O-O {[%clk 1:31:11]}
6. Be2 {[%clk 1:31:33]} dxc4 {[%clk 1:30:12]} 7. Bxc4 {[%clk 1:30:56]} Nbd7
{[%clk 1:26:46]} 8. O-O {[%clk 1:31:12]} c5 {[%clk 1:24:48]} 9. Bd2
{[%clk 1:29:36]} cxd4 {[%clk 1:20:42]} 10. exd4 {[%clk 1:29:58]} Nb6
{[%clk 1:19:08]} 11. Bb3 {[%clk 1:30:07]} Bg4 {[%clk 1:16:52]} 12. Be3
{[%clk 1:30:28]} Qd7 {[%clk 1:08:22]} 13. h3 {[%clk 1:30:39]} Bxf3
{[%clk 1:06:47]} 14. Qxf3 {[%clk 1:31:02]} Rfd8 {[%clk 1:03:22]} 15. Rfd1
{[%clk 1:30:50]} Nfd5 {[%clk 0:51:32]} 16. Nxd5 {[%clk 1:29:46]} Nxd5
{[%clk 0:51:35]} 17. Rac1 {[%clk 1:25:08]} Bf6 {[%clk 0:40:43]} 18. Rc5
{[%clk 1:23:26]} Nb6 {[%clk 0:31:26]} 19. Rdc1 {[%clk 1:22:11]} Rac8
{[%clk 0:28:10]} 20. Rxc8 {[%clk 1:18:41]} Rxc8 {[%clk 0:27:57]} 21. Rxc8+
{[%clk 1:18:33]} Qxc8 {[%clk 0:25:58]} 22. h4 {[%clk 1:17:23]} a5
{[%clk 0:12:33]} 23. a4 {[%clk 1:15:22]} Qd7 {[%clk 0:10:47]} 24. h5
{[%clk 1:14:52]} Nxa4 {[%clk 0:05:22]} 25. hxg6 {[%clk 1:14:10]} hxg6
{[%clk 0:05:33]} 26. Qg3 {[%clk 1:12:15]} e6 {[%clk 0:04:10]} 27. Bxa4
{[%clk 1:09:54]} Qxa4 {[%clk 0:04:29]} 28. Qb8+ {[%clk 1:09:59]} Kg7
{[%clk 0:04:07]} 29. Qxb7 {[%clk 1:05:47]} Bxd4 {[%clk 0:03:16]} 30. Bxd4+
{[%clk 1:01:33]} Qxd4 {[%clk 0:03:43]} 31. Qb3 {[%clk 1:02:00]} Qd5
{[%clk 0:03:21]} 32. Qc3+ {[%clk 1:02:12]} Kg8 {[%clk 0:03:09]} 33. g3
{[%clk 1:01:38]} Qd1+ {[%clk 0:03:09]} 34. Kg2 {[%clk 1:02:04]} Qd5+
{[%clk 0:03:33]} 35. Kg1 {[%clk 1:02:06]} Kf8 {[%clk 0:02:51]} 36. Qc8+
{[%clk 1:02:07]} Ke7 {[%clk 0:03:12]} 37. Qc7+ {[%clk 1:02:20]} Kf6
{[%clk 0:03:02]} 38. Qc3+ {[%clk 1:02:31]} Qe5 {[%clk 0:02:36]} 39. Qf3+
{[%clk 1:01:13]} Kg7 {[%clk 0:02:19]} 40. Qb3 {[%clk 1:01:36]} Qe1+
{[%clk 0:02:03]} 41. Kg2 {[%clk 1:01:29]} Qe4+ {[%clk 0:01:59]} 42. Kg1
{[%clk 1:01:25]} Qb4 {[%clk 0:00:39]} 43. Qc2 {[%clk 1:01:40]} Qd4
{[%clk 0:26:57]} 44. Kg2 {[%clk 1:31:28]} e5 {[%clk 0:21:38]} 45. Kg1
{[%clk 1:30:21]} e4 {[%clk 0:20:40]} 46. Qc1 {[%clk 1:28:38]} Qe5
{[%clk 0:19:14]} 47. Kg2 {[%clk 1:28:42]} Qd4 {[%clk 0:17:54]} 48. Kg1
{[%clk 1:28:33]} Qe5 {[%clk 0:17:06]} 49. Kg2 {[%clk 1:29:01]} Qd4
{[%clk 0:17:28]} 50. Kg1 {[%clk 1:27:38]} Qe5 {[%clk 0:17:39]} 1/2-1/2

[Event "WCO2014"]
[Site "Tromso"]
[Date "2014.08.12"]
[Round "10.25"]
[WhiteID "8700702"]
[White "Saina Yvonne"]
[BlackID "6202179"]
[Black "Vongvastana Chananchida"]
[Result "1-0"]
[LiveChessVersion "1.4.3"]
[BlackElo "1565"]
[WhiteElo "1752"]

1. d4 {[%clk 1:30:56]} d5 {[%clk 1:30:50]} 2. c4 {[%clk 1:31:07]} e6
{[%clk 1:31:14]} 3. Nc3 {[%clk 1:31:08]} Nf6 {[%clk 1:31:35]} 4. Bg5
{[%clk 1:31:07]} Nbd7 {[%clk 1:31:43]} 5. cxd5 {[%clk 1:31:13]} exd5
{[%clk 1:32:00]} 6. Nf3 {[%clk 1:31:17]} Be7 {[%clk 1:31:54]} 7. e3
{[%clk 1:31:22]} c6 {[%clk 1:31:57]} 8. Bd3 {[%clk 1:30:12]} O-O {[%clk 1:31:58]}
9. O-O {[%clk 1:30:38]} Re8 {[%clk 1:31:53]} 10. Qc2 {[%clk 1:30:40]} Nf8
{[%clk 1:31:51]} 11. Rab1 {[%clk 1:28:27]} a5 {[%clk 1:31:32]} 12. a3
{[%clk 1:27:55]} Ne4 {[%clk 1:28:19]} 13. Bf4 {[%clk 1:22:28]} f5
{[%clk 0:56:12]} 14. b4 {[%clk 1:12:26]} axb4 {[%clk 0:52:01]} 15. axb4
{[%clk 1:12:37]} Ra3 {[%clk 0:52:13]} 16. Ne2 {[%clk 1:04:33]} Qb6
{[%clk 0:36:46]} 17. b5 {[%clk 1:03:38]} c5 {[%clk 0:36:40]} 18. dxc5
{[%clk 1:03:37]} Bxc5 {[%clk 0:36:01]} 19. Ra1 {[%clk 0:46:51]} Rxa1
{[%clk 0:29:50]} 20. Rxa1 {[%clk 0:47:08]} Bd7 {[%clk 0:27:35]} 21. Nfd4
{[%clk 0:44:57]} Bxd4 {[%clk 0:18:00]} 22. Nxd4 {[%clk 0:42:43]} Ng6
{[%clk 0:16:44]} 23. Bc7 {[%clk 0:39:09]} Qc5 {[%clk 0:14:36]} 24. Qxc5
{[%clk 0:36:30]} Nxc5 {[%clk 0:14:57]} 25. Bxf5 {[%clk 0:36:17]} Bxf5
{[%clk 0:07:17]} 26. Nxf5 {[%clk 0:36:15]} Ne6 {[%clk 0:03:21]} 27. Bg3
{[%clk 0:34:52]} Rd8 {[%clk 0:02:49]} 28. Rd1 {[%clk 0:34:12]} b6
{[%clk 0:02:49]} 29. h3 {[%clk 0:32:20]} Ngf8 {[%clk 0:02:32]} 30. Ne7+
{[%clk 0:28:50]} Kf7 {[%clk 0:02:01]} 31. Nxd5 {[%clk 0:29:00]} Ng6
{[%clk 0:01:32]} 32. Nc3 {[%clk 0:24:29]} Rxd1+ {[%clk 0:01:42]} 33. Nxd1
{[%clk 0:24:52]} Ne7 {[%clk 0:01:52]} 34. Nc3 {[%clk 0:24:58]} Ke8
{[%clk 0:01:57]} 35. Kf1 {[%clk 0:20:13]} Kd7 {[%clk 0:02:09]} 36. Ke2
{[%clk 0:20:03]} Nc7 {[%clk 0:01:20]} 37. Be5 {[%clk 0:19:11]} g6
{[%clk 0:01:23]} 38. Bd4 {[%clk 0:19:02]} Ned5 {[%clk 0:00:56]} 39. Nxd5
{[%clk 0:16:46]} Nxd5 {[%clk 0:01:20]} 40. e4 {[%clk 0:16:09]} Nc7
{[%clk 0:01:22]} 41. Bxb6 {[%clk 0:15:49]} Nxb5 {[%clk 0:01:43]} 42. Kf3
{[%clk 0:14:57]} Ke6 {[%clk 0:30:07]} 43. Kf4 {[%clk 0:44:30]} h6
{[%clk 0:23:33]} 44. h4 {[%clk 0:44:36]} Nd6 {[%clk 0:23:30]} 45. f3
{[%clk 0:42:29]} Nb5 {[%clk 0:21:57]} 46. g4 {[%clk 0:40:29]} Nd6
{[%clk 0:17:16]} 47. Bd4 {[%clk 0:40:19]} Nf7 {[%clk 0:15:32]} 48. Ke3
{[%clk 0:38:34]} g5 {[%clk 0:13:02]} 49. hxg5 {[%clk 0:38:00]} hxg5
{[%clk 0:12:49]} 50. f4 {[%clk 0:37:19]} gxf4+ {[%clk 0:08:01]} 51. Kxf4
{[%clk 0:37:27]} Nh6 {[%clk 0:07:01]} 52. g5 {[%clk 0:36:45]} Ng8
{[%clk 0:07:21]} 53. Bc5 {[%clk 0:35:28]} Kf7 {[%clk 0:06:17]} 54. Kf5
{[%clk 0:35:32]} Kg7 {[%clk 0:06:02]} 55. e5 {[%clk 0:34:45]} Kf7
{[%clk 0:04:23]} 56. e6+ {[%clk 0:33:31]} Kg7 {[%clk 0:04:19]} 57. Ba3
{[%clk 0:33:21]} 1-0

[Event "WCO2014"]
[Site "Tromso"]
[Date "2014.08.12"]
[Round "10.5"]
[WhiteID "6401074"]
[White "Jose Polanco Kenia"]
[BlackID "11300515"]
[Black "Lopang Tshepiso"]
[Result "1/2-1/2"]
[LiveChessVersion "1.4.3"]
[BlackElo "1778"]
[WhiteElo "1918"]

1. d4 {[%clk 1:30:54]} d5 {[%clk 1:30:54]} 2. Nf3 {[%clk 1:31:21]} Nf6
{[%clk 1:31:17]} 3. e3 {[%clk 1:31:26]} e6 {[%clk 1:31:28]} 4. Bd3
{[%clk 1:31:54]} Be7 {[%clk 1:31:25]} 5. Nbd2 {[%clk 1:31:58]} O-O
{[%clk 1:31:47]} 6. O-O {[%clk 1:32:19]} Nbd7 {[%clk 1:32:07]} 7. b3
{[%clk 1:31:35]} h6 {[%clk 1:32:07]} 8. Bb2 {[%clk 1:31:51]} b6 {[%clk 1:32:10]}
9. e4 {[%clk 1:29:57]} dxe4 {[%clk 1:32:10]} 10. Nxe4 {[%clk 1:30:21]} Bb7
{[%clk 1:32:25]} 11. Qe2 {[%clk 1:28:39]} Nxe4 {[%clk 1:31:10]} 12. Bxe4
{[%clk 1:29:03]} Bxe4 {[%clk 1:31:32]} 13. Qxe4 {[%clk 1:29:27]} Nf6
{[%clk 1:31:39]} 14. Qe2 {[%clk 1:28:21]} Rc8 {[%clk 1:30:46]} 15. Rad1
{[%clk 1:28:03]} c6 {[%clk 1:30:54]} 16. Rfe1 {[%clk 1:23:50]} Qc7
{[%clk 1:31:04]} 17. c4 {[%clk 1:22:22]} Rfe8 {[%clk 1:30:14]} 18. Qd2
{[%clk 1:17:02]} Rcd8 {[%clk 1:28:36]} 19. Qc1 {[%clk 1:10:56]} c5
{[%clk 1:27:51]} 20. dxc5 {[%clk 1:04:53]} Qxc5 {[%clk 1:27:52]} 21. Rxd8
{[%clk 1:03:49]} Rxd8 {[%clk 1:28:00]} 22. Rd1 {[%clk 1:02:41]} Qc7
{[%clk 1:19:19]} 23. Rxd8+ {[%clk 0:58:50]} Qxd8 {[%clk 1:16:12]} 24. Qd2
{[%clk 0:57:16]} Qxd2 {[%clk 1:15:09]} 25. Nxd2 {[%clk 0:57:40]} Nd7
{[%clk 1:15:26]} 26. Kf1 {[%clk 0:57:34]} Kh7 {[%clk 1:15:31]} 27. Ke2
{[%clk 0:57:36]} Kg6 {[%clk 1:15:52]} 28. Nf3 {[%clk 0:57:01]} Bd6
{[%clk 1:12:24]} 29. h3 {[%clk 0:53:58]} f6 {[%clk 1:09:48]} 30. Kd3
{[%clk 0:49:10]} Kf7 {[%clk 1:05:26]} 1/2-1/2

[Event "WCO2014"]
[Site "Tromso"]
[Date "2014.08.12"]
[Round "10.6"]
[WhiteID "11301287"]
[White "Francis Onkemetse"]
[BlackID "6405053"]
[Black "Villar Acevedo Darlin Rocio"]
[Result "1/2-1/2"]
[LiveChessVersion "1.4.3"]
[BlackElo "1713"]
[WhiteElo "1735"]

1. e4 {[%clk 1:30:58]} c6 {[%clk 1:30:50]} 2. d4 {[%clk 1:31:03]} d5
{[%clk 1:31:10]} 3. exd5 {[%clk 1:30:28]} cxd5 {[%clk 1:31:31]} 4. Bd3
{[%clk 1:30:45]} Nc6 {[%clk 1:31:15]} 5. c3 {[%clk 1:31:03]} Nf6 {[%clk 1:31:11]}
6. Bf4 {[%clk 1:30:49]} Bg4 {[%clk 1:30:15]} 7. Nf3 {[%clk 1:28:42]} e6
{[%clk 1:30:12]} 8. h3 {[%clk 1:29:08]} Bh5 {[%clk 1:30:35]} 9. Nbd2
{[%clk 1:28:47]} Bd6 {[%clk 1:29:05]} 10. Bxd6 {[%clk 1:28:50]} Qxd6
{[%clk 1:29:22]} 11. O-O {[%clk 1:28:13]} O-O {[%clk 1:29:27]} 12. Qc2
{[%clk 1:27:30]} Rac8 {[%clk 1:28:43]} 13. Qb1 {[%clk 1:25:24]} Rfe8
{[%clk 1:23:42]} 14. Re1 {[%clk 1:25:05]} e5 {[%clk 1:14:38]} 15. dxe5
{[%clk 1:23:14]} Nxe5 {[%clk 1:10:19]} 16. Nxe5 {[%clk 1:22:23]} Rxe5
{[%clk 1:10:39]} 17. Rxe5 {[%clk 1:22:50]} Qxe5 {[%clk 1:10:56]} 18. Qe1
{[%clk 1:20:13]} Re8 {[%clk 1:11:10]} 19. Qxe5 {[%clk 1:20:26]} Rxe5
{[%clk 1:11:27]} 20. Kf1 {[%clk 1:16:34]} Bg6 {[%clk 1:09:46]} 21. Bxg6
{[%clk 1:16:24]} hxg6 {[%clk 1:10:07]} 22. Nf3 {[%clk 1:13:58]} Re7
{[%clk 1:09:50]} 23. Rd1 {[%clk 1:13:28]} Kf8 {[%clk 1:09:26]} 24. Nd4
{[%clk 1:11:04]} a6 {[%clk 1:08:27]} 25. Nc2 {[%clk 1:11:09]} Rd7
{[%clk 1:05:49]} 26. Ne3 {[%clk 1:09:39]} g5 {[%clk 1:01:59]} 27. g3
{[%clk 1:07:59]} g6 {[%clk 1:01:28]} 28. Nc2 {[%clk 1:05:22]} Rd6
{[%clk 0:49:48]} 29. Ne3 {[%clk 1:02:44]} Rb6 {[%clk 0:49:14]} 30. Rd2
{[%clk 0:57:27]} Ne4 {[%clk 0:41:41]} 31. Re2 {[%clk 0:55:34]} Nf6
{[%clk 0:41:34]} 32. b3 {[%clk 0:53:42]} Rc6 {[%clk 0:41:16]} 33. Rc2
{[%clk 0:51:38]} b6 {[%clk 0:31:50]} 34. f3 {[%clk 0:47:46]} b5 {[%clk 0:27:56]}
35. Kf2 {[%clk 0:47:37]} Rd6 {[%clk 0:27:07]} 36. Rd2 {[%clk 0:47:20]} Rc6
{[%clk 0:26:34]} 37. Rc2 {[%clk 0:45:54]} Rd6 {[%clk 0:26:20]} 38. Nf1
{[%clk 0:36:16]} Re6 {[%clk 0:24:41]} 39. Ne3 {[%clk 0:32:29]} Rd6
{[%clk 0:24:23]} 1/2-1/2

[Event "WCO2014"]
[Site "Tromso"]
[Date "2014.08.12"]
[Round "10.7"]
[WhiteID "6403557"]
[White "Diaz Cesar Wilsaida Pieranlly"]
[BlackID "11300469"]
[Black "Botlhole Kgalalelo"]
[Result "1-0"]
[LiveChessVersion "1.4.3"]
[BlackElo "1762"]
[WhiteElo "1769"]

1. d4 {[%clk 1:30:57]} f5 {[%clk 1:30:54]} 2. Nf3 {[%clk 1:30:58]} Nf6
{[%clk 1:31:13]} 3. c4 {[%clk 1:31:08]} e6 {[%clk 1:31:29]} 4. g3
{[%clk 1:30:46]} Be7 {[%clk 1:31:52]} 5. Bg2 {[%clk 1:31:06]} O-O
{[%clk 1:32:01]} 6. O-O {[%clk 1:27:42]} d6 {[%clk 1:30:22]} 7. Nc3
{[%clk 1:26:34]} a5 {[%clk 1:26:41]} 8. Qc2 {[%clk 1:25:48]} Nc6 {[%clk 1:22:38]}
9. Rd1 {[%clk 1:20:26]} Qe8 {[%clk 1:18:59]} 10. b3 {[%clk 1:16:28]} e5
{[%clk 1:06:06]} 11. dxe5 {[%clk 1:16:27]} Nxe5 {[%clk 1:04:52]} 12. Nxe5
{[%clk 1:07:51]} dxe5 {[%clk 1:05:15]} 13. Nd5 {[%clk 1:05:44]} Nxd5
{[%clk 1:02:15]} 14. Rxd5 {[%clk 1:04:48]} Bf6 {[%clk 1:00:43]} 15. Ba3
{[%clk 1:00:43]} Rf7 {[%clk 0:58:58]} 16. Qd2 {[%clk 0:57:56]} Be6
{[%clk 0:58:19]} 17. Rxa5 {[%clk 0:55:20]} Rd8 {[%clk 0:56:27]} 18. Rd5
{[%clk 0:54:01]} c6 {[%clk 0:50:56]} 19. Rxd8 {[%clk 0:54:19]} Bxd8
{[%clk 0:51:18]} 20. Bb2 {[%clk 0:54:10]} Rd7 {[%clk 0:51:15]} 21. Qc2
{[%clk 0:52:27]} e4 {[%clk 0:50:52]} 22. Rd1 {[%clk 0:50:05]} Be7
{[%clk 0:47:45]} 23. Bc3 {[%clk 0:45:24]} Qd8 {[%clk 0:46:54]} 24. Rxd7
{[%clk 0:45:51]} Qxd7 {[%clk 0:47:13]} 25. Qd2 {[%clk 0:46:12]} Qc7
{[%clk 0:47:01]} 26. Qb2 {[%clk 0:44:54]} Bd6 {[%clk 0:46:15]} 27. Bd4
{[%clk 0:39:12]} Qd7 {[%clk 0:42:01]} 28. c5 {[%clk 0:37:11]} Bf8
{[%clk 0:39:57]} 29. Qc3 {[%clk 0:32:35]} Qd5 {[%clk 0:39:19]} 30. e3
{[%clk 0:32:10]} Qd8 {[%clk 0:33:11]} 31. Bf1 {[%clk 0:31:17]} Qe8
{[%clk 0:30:36]} 32. a4 {[%clk 0:29:08]} Bd7 {[%clk 0:23:27]} 33. b4
{[%clk 0:28:20]} h6 {[%clk 0:23:25]} 34. b5 {[%clk 0:28:33]} Kh7 {[%clk 0:22:08]}
35. b6 {[%clk 0:26:24]} Qh5 {[%clk 0:20:54]} 36. Qc2 {[%clk 0:25:12]} Bc8
{[%clk 0:19:00]} 37. a5 {[%clk 0:24:53]} Qf7 {[%clk 0:19:09]} 38. Qc4
{[%clk 0:24:27]} Qd7 {[%clk 0:15:14]} 39. Qa4 {[%clk 0:24:04]} Qf7
{[%clk 0:09:45]} 40. a6 {[%clk 0:21:36]} bxa6 {[%clk 0:10:08]} 41. Qxc6
{[%clk 0:21:59]} Bb7 {[%clk 0:09:49]} 42. Qa4 {[%clk 0:22:22]} Qh5
{[%clk 0:07:06]} 43. c6 {[%clk 0:22:28]} Bc8 {[%clk 0:06:37]} 44. b7
{[%clk 0:19:21]} 1-0

[Event "WCO2014"]
[Site "Tromso"]
[Date "2014.08.12"]
[Round "10.8"]
[WhiteID "11301317"]
[White "Francis Thapelo"]
[BlackID "6402348"]
[Black "Santos Almonte Carol"]
[Result "0-1"]
[LiveChessVersion "1.4.3"]
[BlackElo "1774"]
[WhiteElo "1723"]

1. e4 {[%clk 1:30:56]} e6 {[%clk 1:30:54]} 2. d3 {[%clk 1:31:13]} d5
{[%clk 1:30:47]} 3. Qe2 {[%clk 1:31:19]} Nf6 {[%clk 1:29:43]} 4. e5
{[%clk 1:31:13]} Nfd7 {[%clk 1:29:48]} 5. d4 {[%clk 1:28:00]} c5 {[%clk 1:30:05]}
6. c3 {[%clk 1:28:02]} Nc6 {[%clk 1:30:27]} 7. Nf3 {[%clk 1:27:21]} Be7
{[%clk 1:29:23]} 8. Qc2 {[%clk 1:26:01]} c4 {[%clk 1:27:12]} 9. g3
{[%clk 1:18:01]} b5 {[%clk 1:26:38]} 10. Bg2 {[%clk 1:16:16]} a5 {[%clk 1:24:05]}
11. O-O {[%clk 1:15:17]} O-O {[%clk 1:24:29]} 12. Re1 {[%clk 1:14:31]} b4
{[%clk 1:21:01]} 13. h4 {[%clk 1:12:33]} f6 {[%clk 1:09:25]} 14. Bh3
{[%clk 1:08:18]} f5 {[%clk 1:08:41]} 15. Bg5 {[%clk 1:08:21]} h6 {[%clk 1:05:52]}
16. Bxe7 {[%clk 1:07:43]} Qxe7 {[%clk 1:06:15]} 17. Qc1 {[%clk 1:06:02]} Nb6
{[%clk 1:05:55]} 18. Qf4 {[%clk 1:03:23]} a4 {[%clk 1:04:50]} 19. Nbd2
{[%clk 1:01:26]} bxc3 {[%clk 0:59:16]} 20. bxc3 {[%clk 1:01:25]} a3
{[%clk 0:59:42]} 21. Nf1 {[%clk 0:59:28]} Na4 {[%clk 0:59:53]} 22. Qd2
{[%clk 0:50:35]} Rb8 {[%clk 1:00:02]} 23. Qc2 {[%clk 0:41:02]} Nb2
{[%clk 0:59:26]} 24. Re2 {[%clk 0:38:12]} Bd7 {[%clk 0:59:27]} 25. Ne1
{[%clk 0:35:52]} Na7 {[%clk 0:52:28]} 26. Qc1 {[%clk 0:30:45]} Rb7
{[%clk 0:52:18]} 27. Ne3 {[%clk 0:29:47]} Ba4 {[%clk 0:52:24]} 28. Rd2
{[%clk 0:27:39]} Rfb8 {[%clk 0:50:53]} 29. Bf1 {[%clk 0:27:00]} Qc7
{[%clk 0:45:53]} 30. Be2 {[%clk 0:25:27]} Qa5 {[%clk 0:45:47]} 31. Bd1
{[%clk 0:12:44]} Bxd1 {[%clk 0:45:40]} 32. Nxd1 {[%clk 0:13:08]} Nxd1
{[%clk 0:46:03]} 33. Rxd1 {[%clk 0:11:29]} Nb5 {[%clk 0:46:25]} 34. Qf4
{[%clk 0:09:38]} Nxc3 {[%clk 0:41:26]} 35. Rd2 {[%clk 0:09:31]} Rb1
{[%clk 0:40:19]} 36. Rxb1 {[%clk 0:09:54]} Rxb1 {[%clk 0:40:45]} 37. Qe3
{[%clk 0:09:27]} Ne4 {[%clk 0:40:53]} 38. Re2 {[%clk 0:09:15]} Qc3
{[%clk 0:38:19]} 39. Kg2 {[%clk 0:07:34]} Qxe3 {[%clk 0:36:51]} 40. Rxe3
{[%clk 0:07:20]} Ra1 {[%clk 0:37:10]} 41. Re2 {[%clk 0:03:31]} Nc3
{[%clk 0:35:42]} 42. Re3 {[%clk 0:02:29]} Nb5 {[%clk 0:31:48]} 43. Nc2
{[%clk 0:01:50]} Rxa2 {[%clk 0:32:03]} 0-1

[Event "WCO2014"]
[Site "Tromso"]
[Date "2014.08.12"]
[Round "10.9"]
[WhiteID "2501775"]
[White "Menon Jayadev Poornima"]
[BlackID "3001822"]
[Black "Colombo Camila"]
[Result "1/2-1/2"]
[LiveChessVersion "1.4.3"]
[BlackElo "2107"]
[WhiteElo "1935"]

1. d4 {[%clk 1:30:58]} Nf6 {[%clk 1:30:56]} 2. c4 {[%clk 1:31:22]} g6
{[%clk 1:31:23]} 3. Nc3 {[%clk 1:31:45]} Bg7 {[%clk 1:31:50]} 4. e4
{[%clk 1:32:09]} d6 {[%clk 1:32:16]} 5. Nf3 {[%clk 1:32:33]} O-O {[%clk 1:32:41]}
6. Be2 {[%clk 1:32:53]} Na6 {[%clk 1:31:33]} 7. O-O {[%clk 1:32:04]} e5
{[%clk 1:32:00]} 8. d5 {[%clk 1:31:13]} Nc5 {[%clk 1:32:24]} 9. Qc2
{[%clk 1:31:18]} a5 {[%clk 1:32:48]} 10. Bg5 {[%clk 1:30:48]} h6 {[%clk 1:33:11]}
11. Be3 {[%clk 1:30:20]} b6 {[%clk 1:33:36]} 12. Nd2 {[%clk 1:30:04]} Bg4
{[%clk 1:33:28]} 13. f3 {[%clk 1:25:00]} Bd7 {[%clk 1:33:52]} 14. a3
{[%clk 1:20:22]} a4 {[%clk 1:32:59]} 15. b4 {[%clk 1:20:08]} axb3
{[%clk 1:33:15]} 16. Nxb3 {[%clk 1:20:26]} Nxb3 {[%clk 1:29:30]} 17. Qxb3
{[%clk 1:20:14]} Nh5 {[%clk 1:28:53]} 18. Rfc1 {[%clk 1:15:29]} Bf6
{[%clk 1:17:52]} 19. Nb5 {[%clk 1:05:58]} Bg5 {[%clk 1:16:39]} 20. a4
{[%clk 0:58:44]} Ra5 {[%clk 1:05:55]} 21. Rcb1 {[%clk 0:50:18]} Bxe3+
{[%clk 0:48:29]} 22. Qxe3 {[%clk 0:50:23]} Nf4 {[%clk 0:48:51]} 23. Bf1
{[%clk 0:47:05]} Qg5 {[%clk 0:48:38]} 24. Kh1 {[%clk 0:46:06]} f5
{[%clk 0:31:12]} 25. Nxc7 {[%clk 0:30:12]} fxe4 {[%clk 0:31:37]} 26. fxe4
{[%clk 0:29:34]} Rxa4 {[%clk 0:31:37]} 27. Rxa4 {[%clk 0:28:45]} Bxa4
{[%clk 0:32:00]} 28. g3 {[%clk 0:23:55]} Bc2 {[%clk 0:12:03]} 29. Rc1
{[%clk 0:18:49]} Nh3 {[%clk 0:08:07]} 30. Qxg5 {[%clk 0:10:56]} Rxf1+
{[%clk 0:08:28]} 31. Kg2 {[%clk 0:11:05]} Rf2+ {[%clk 0:08:56]} 32. Kxh3
{[%clk 0:11:01]} hxg5 {[%clk 0:09:23]} 33. Nb5 {[%clk 0:08:02]} Bxe4
{[%clk 0:08:00]} 34. Nxd6 {[%clk 0:07:57]} Bf3 {[%clk 0:07:13]} 35. Rb1
{[%clk 0:06:03]} g4+ {[%clk 0:06:12]} 36. Kh4 {[%clk 0:06:18]} Rxh2+
{[%clk 0:05:58]} 37. Kg5 {[%clk 0:06:32]} Kg7 {[%clk 0:04:10]} 38. Ne8+
{[%clk 0:06:13]} Kf7 {[%clk 0:04:16]} 39. Nd6+ {[%clk 0:06:31]} Kg7
{[%clk 0:04:40]} 40. Ne8+ {[%clk 0:06:53]} Kf7 {[%clk 0:05:05]} 41. Nd6+
{[%clk 0:07:19]} 1/2-1/2